000 00582nam a2200229Ia 4500
003 OSt
005 20220925171751.0
006 a|||||r|||| 00| 0
007 ta
008 220923b |||||||| |||| 00| 0 eng d
037 _cGeneral Book
040 _aRTL
_cRTL
_beng
041 _2eng
_aeng
082 _aX62.2.N4, H7
100 _aMulky M.A.
_9240193
245 0 _aNew capital issue market in India
260 _aBombay
_c1947
300 _a99p
_ccm.
650 _aMoney Markets
942 _hX62.2.N4, H7
_cGB
_2CC
999 _c483390
_d483390